[Event "BL 2016-17"]
[Site "Berlin"]
[Date "2017.04.29"]
[Round "13"]
[White "Stern, Rene"]
[Black "Melkumyan, Hrant"]
[Result "0-1"]
[WhiteElo "2506"]
[BlackElo "2619"]
[Annotator "TA"]
[PlyCount "118"]
[EventDate "2017.??.??"]
[EventType "team-tourn"]
[EventCountry "GER"]
[SourceTitle "playchess.com"]
[Source "ChessBase"]
[SourceQuality "1"]
[WhiteTeam "König Tegel"]
[BlackTeam "SF Berlin"]

{[%evp 19,118,43,68,43,37,36,35,0,28,14,17,46,21,10,39,5,6,21,11,0,0,0,-6,-15,0,0,0,0,0,0,0,0,0,-19,0,0,0,0,0,0,0,0,0,-1,0,-5,0,0,0,0,0,0,0,-42,0,-75,-60,-56,0,0,0,-70,-62,-63,-52,-50,-35,-27,-33,-33,-20,-175,-24,-89,-100,-92,-101,-97,-81,-92,-85,-141,-141,-126,-84,-150,-152,-152,-155,-135,-163,-390,-377,-623,-614,-707,-700,-939,-908,-909,-888]} 1. Nf3 Nf6 2. c4 g6 3. Nc3 Bg7 4. e4 d6 5. d4 O-O 6. Be2 c5 7. O-O Re8 8. h3 {E91: King's Indian: Classical: 6 Be2, unusual replies including 6...c5 and 6...Bg4} ({Relevant:} 8. Re1 cxd4 9. Nxd4 Nc6 10. Be3 Nxd4 11. Bxd4 Bd7 12. Qd2 Bc6 13. f3 a5 14. b3 Nd7 15. Bf1 Bxd4+ 16. Qxd4 {0-1 (47) Artemiev,V (2676)-Morozevich,A (2692) Moscow 2015}) 8... cxd4 9. Nxd4 Nc6 10. Be3 Bd7 {LiveBook: 6 Games} 11. Qd2 Nxd4 12. Bxd4 (12. Qxd4 Ng4 13. Qd3 (13. Qd5 Nxe3 14. fxe3 Be6 $17) 13... Nxe3 14. Qxe3 Qb6 $15) 12... Bc6 13. Qe3 Qa5 $146 {Strongly threatening ...e5.} ({Predecessor:} 13... b6 14. e5 Nd7 15. e6 Bxd4 16. exf7+ Kxf7 17. Qxd4 Nf6 {1-0 (38) Meszaros,B (2203)-Jovanovic,M (2047) Subotica 2017}) 14. f4 e5 15. fxe5 dxe5 16. Bc5 Nd7 ({Don't go for} 16... Nxe4 $2 17. Nxe4 Bxe4 18. b4 $18) 17. Bd6 Bf8 18. Bxf8 Rxf8 19. Nd5 Qc5 20. Qf2 Qxf2+ 21. Kxf2 a5 22. Ke3 Nc5 23. Rf6 Kg7 24. Raf1 Ne6 25. g3 Nd4 26. Bd3 Rad8 27. h4 h5 28. b3 Rde8 29. Nc7 Re7 30. Nd5 Re6 31. R6f2 Rd6 32. Nf6 Ne6 33. Nd5 Nc5 34. Be2 Bd7 35. Rb1 Be6 36. a3 Ra8 37. Nc7 (37. Rff1 $11) 37... Rad8 $17 {...Rd3+! is the strong threat.} 38. Nd5 $1 Ra8 (38... f5 $15 39. exf5 gxf5) 39. Nc7 $11 Rad8 (39... Rc8 $11 40. Nb5 Ra6) 40. Nd5 $1 $15 f5 41. exf5 $1 Bxf5 42. Rb2 {[#]} b5 $1 {[%mdl 512]} 43. a4 $1 {[%cal Ra4b5]} (43. cxb5 Rxd5) 43... bxa4 44. bxa4 Bd7 45. Nc3 $2 {[#]} (45. Bd1 $1 $11 {and White has nothing to worry.}) 45... Bc6 $2 ({Not} 45... Nxa4 46. Nxa4 Bxa4 47. Ra2 $11) ({Better is} 45... Rd4 $1 $19 {And now ...Bg4 would win.} 46. Rf1 Bg4) 46. Nb5 (46. Rb6 $1 $11 {keeps the balance.}) 46... R6d7 $17 ({But not} 46... Nxa4 $6 47. Nxd6 Nxb2 48. Rf7+ Kg8 49. Rf6 $11) 47. Rf1 Be4 48. Ra1 Kh6 49. Ra3 Bf5 $36 {[%mdl 2048] Black has strong initiative.} 50. Rba2 (50. Nc3 $142) 50... g5 51. hxg5+ Kxg5 52. Nc3 {[#]} ({White should play} 52. Rb2) 52... Rd3+ $1 {[%mdl 512]} 53. Bxd3 Rxd3+ 54. Ke2 Rxg3 55. Ra1 $2 (55. Ke1) 55... h4 $19 {[%cal Bh5h4,Bh4h3][%mdl 32]} 56. Rh1 $2 (56. Nd5 Bd3+ 57. Rxd3 Rxd3 58. Ne3) 56... h3 {Black is clearly winning.} 57. Ke1 {White hopes to continue with Nb5.} Kh4 58. Nb5 Rxa3 59. Nxa3 Be4 0-1

[Event "BL 2016-17"]
[Site "Berlin"]
[Date "2017.04.29"]
[Round "13"]
[White "Richter, Michael"]
[Black "Mista, Aleksander"]
[Result "*"]
[WhiteElo "2495"]
[BlackElo "2604"]
[Annotator "TA"]
[PlyCount "23"]
[EventDate "2017.??.??"]
[EventType "team-tourn"]
[EventCountry "GER"]
[SourceTitle "playchess.com"]
[Source "ChessBase"]
[SourceQuality "1"]
[WhiteTeam "König Tegel"]
[BlackTeam "SF Berlin"]

{[%evp 18,23,26,8,10,-20,-25,-25]} 1. d4 Nf6 2. Nf3 d5 3. c4 e6 4. g3 Be7 5. Bg2 O-O 6. O-O dxc4 7. Ne5 c5 8. dxc5 Qc7 {E05: Open Catalan: 5 Nf3 Be7} 9. Nxc4 Rd8 (9... Qxc5 10. b3 Rd8 11. Nbd2 Nc6 12. Bb2 Qb5 13. e3 Bd7 14. a4 Qa6 15. g4 Be8 16. g5 Nd7 17. Qg4 Nde5 18. Nxe5 Nxe5 19. Bxe5 Rxd2 {½-½ (31) Matlakov,M (2701)-Blomqvist,E (2574) Caleta 2017}) 10. Qc2 {LiveBook: 3 Games} Nc6 {With the idea ...Nd4.} 11. e3 $146 ({Predecessor (4):} 11. Nc3 Nd4 12. Qb1 Qxc5 13. Nd2 e5 14. e3 Nc6 15. Nb3 Qb6 16. Bd2 {½-½ (45) Lenderman,A (2581)-Haria,R (2382) London 2016}) 11... Bxc5 12. a3 *

[Event "BL 2016-17"]
[Site "Berlin"]
[Date "2017.04.29"]
[Round "13"]
[White "Fedorovsky, Michael"]
[Black "Bromberger, Stefan"]
[Result "1/2-1/2"]
[WhiteElo "2490"]
[BlackElo "2510"]
[Annotator "TA"]
[PlyCount "112"]
[EventDate "2017.??.??"]
[EventType "team-tourn"]
[EventCountry "GER"]
[SourceTitle "playchess.com"]
[Source "ChessBase"]
[SourceQuality "1"]
[WhiteTeam "Bayern München"]
[BlackTeam "Zugzwang München"]

{[%evp 30,112,77,73,94,81,124,118,127,116,117,124,116,41,41,86,245,249,241,252,245,237,249,174,245,245,243,238,429,197,258,264,227,213,400,363,366,193,193,127,237,237,258,258,261,237,372,243,300,243,331,0,184,0,0,0,0,-7,-9,-21,-8,-19,0,0,0,0,0,0,0,0,0,0,0,0,0,0,0,0,8,0,3,3,3,3,62]} 1. d4 Nf6 2. c4 g6 3. Nc3 Bg7 4. e4 d6 5. Nf3 {[%cal Bg1f3,Bf3e1,Be1d3][%mdl 32]} O-O 6. Be2 e5 7. O-O Nc6 8. d5 Ne7 9. Ne1 Nd7 10. Be3 f5 11. f3 f4 12. Bf2 g5 13. Rc1 Rf6 14. Nd3 {E99: King's Indian: Classical Main Line: 9 Ne1 Nd7 10 f3 f5} a6 15. c5 Rh6 16. Qb3 {[#] LiveBook: 7 Games. White is better.} Rb8 $146 (16... Qe8 17. Rfd1 Nf6 18. h3 Qh5 19. Kf1 Ng6 20. cxd6 cxd6 21. Qb6 Nh4 22. Bxh4 Qxh4 {½-½ (54) Miras Garcia,E (2511)-Soberano,J (2583) ICCF email 2010}) 17. Rfd1 Qe8 18. h3 Ng6 19. Na4 Nh4 20. cxd6 cxd6 21. Bxh4 ({Better is} 21. Ba7 $16 Ra8 22. Nb6 Nxb6 23. Qxb6 (23. Bxb6 Bd7 $16)) 21... gxh4 $14 22. Nb6 $1 {[%cal Rb6c8]} Bf6 $2 (22... Nxb6 $16 23. Qxb6 Rg6) 23. Nxc8 $18 Rxc8 24. Qxb7 Rb8 25. Qxa6 Bd8 26. Rc6 {Hoping for Kh1.} Bb6+ (26... Ra8 {was worth a try.}) 27. Kh1 Ra8 28. Qb5 (28. Rxb6 $6 Qd8) 28... Qd8 $2 {[#]} (28... Be3 29. Rc7 Nf6 30. Qxe8+ Nxe8) 29. Rdc1 (29. Nxe5 $142 $1 {[%mdl 512]} Nxe5 (29... dxe5 30. Rxh6) 30. Rxb6) 29... Be3 (29... Rg6 $142 30. Qc4 Rxg2 31. Kxg2 Qg5+ 32. Kh1 Qg3 33. Rxb6 (33. Rc8+ Kf7 34. Qc5 Nxc5 35. Nf2 Nd3 36. R8c7+ Kg6 37. Ng4 Qxh3+ 38. Nh2 Nf2+ 39. Kg1 Ng4+ 40. R7c5 Qxh2+ 41. Kf1 Qh1#) 33... Qxh3+ 34. Kg1 Qg3+ 35. Kf1 Nxb6) 30. R1c2 Rg6 {And now ...Rxg2! would win.} 31. Bf1 Nc5 $2 (31... Nf6 {was necessary.} 32. Nb4 Kh8) 32. Nxc5 dxc5 33. Rxg6+ (33. R2xc5 $142 Bxc5 34. Qxc5) 33... hxg6 34. Bc4 (34. b3 $18) 34... Rb8 (34... Qa5 $16 {might work better.}) 35. Qa6 Rb6 36. Qa7 Rd6 37. a4 g5 (37... Rd7 $142 38. Qa6 Rd6) 38. Re2 Bd4 39. b3 g4 40. fxg4 $2 (40. hxg4 $6 h3 41. g5 (41. gxh3 Qh4 42. Qa8+ Rd8 43. d6+ Kf8 $11) 41... Qxg5 42. Qb8+ Rd8 $18) (40. a5 $18) 40... Qf8 $2 (40... f3 $1 $11 41. Re1 (41. gxf3 Qf8 42. Kg2 Qf4 43. Qb8+ Kh7 44. Qc7+ Kg8 $11) 41... Qf8) 41. Re1 $2 (41. Rc2 $18) 41... f3 $11 {[#] ( -> ...fxg2+). The position is equal.} 42. Bf1 c4 $1 43. Qb7 Rb6 44. Qc7 cxb3 45. a5 $1 {[%cal Ra5b6]} Rf6 46. d6 fxg2+ 47. Bxg2 {Black must now prevent d7.} Qxd6 48. Qc4+ $1 (48. Qb7 b2 49. Rd1 Qc6 50. Qb3+ (50. Qe7 Rf2 51. Qd8+ Kg7 52. Qg5+ Kf7 $19) 50... Qe6 $19) 48... Qe6 49. Bf1 {Qxe6+ is the strong threat.} Qxc4 50. Bxc4+ {[%mdl 4096] Endgame KRB-KRB} Kg7 {aiming for ...Rf3.} 51. Bxb3 Rf3 52. Rb1 Rxh3+ 53. Kg2 Rc3 54. a6 Rc6 55. Kh3 Rxa6 56. Kxh4 Ra1 (56... Rh6+ $11 57. Kg3 Be3) 1/2-1/2

[Event "BL 2016-17"]
[Site "Berlin"]
[Date "2017.04.29"]
[Round "13"]
[White "Hertneck, Gerald"]
[Black "Johansson, Linus"]
[Result "1-0"]
[WhiteElo "2485"]
[BlackElo "2428"]
[Annotator "TA"]
[PlyCount "61"]
[EventDate "2017.??.??"]
[EventType "team-tourn"]
[EventCountry "GER"]
[SourceTitle "playchess.com"]
[Source "ChessBase"]
[SourceQuality "1"]
[WhiteTeam "Zugzwang München"]
[BlackTeam "Bayern München"]

{[%evp 18,61,-3,-19,48,54,52,64,95,93,99,91,393,393,477,479,458,471,766,579,635,644,644,643,720,716,691,623,757,742,693,625,620,616,623,609,592,591,29976,4282,29989,29990,29991,29992,29992,29993]} 1. d4 Nf6 2. c4 e6 3. Nf3 b6 4. g3 Bb7 5. Bg2 Be7 6. O-O O-O 7. Nc3 Ne4 8. Bd2 f5 9. d5 Bf6 10. Qc2 {LiveBook: 35 Games} Na6 {E18: Queen's Indian: Old Main Line (4 g3 Bb7 5 Bg2 Be7 6 0-0 0-0 7 Nc3)} (10... Bxc3 $11 11. Bxc3 (11. bxc3 Na6 $11) 11... exd5) (10... Bxc3 11. Bxc3 exd5 12. cxd5 Bxd5 13. Rfd1 Bb7 14. Nd4 Qe7 15. b4 Na6 16. a3 f4 17. g4 Rae8 18. Nf5 Rxf5 19. gxf5 {0-1 (62) Miroshnichenko,E (2646)-Adams,M (2734) Lugo 2007}) 11. Nxe4 $14 fxe4 12. Qxe4 exd5 {White is slightly better.} 13. cxd5 {[%cal Bc4d5,Bd5d6][%mdl 32]} Qe8 $146 (13... Nc5 14. Qc2 Re8 15. Be3 Rxe3 16. fxe3 Qe7 17. Rad1 Qxe3+ 18. Kh1 {1-0 (38) Savon,V-Parma,B Skopje 1968}) 14. Qc4 Bxb2 $2 {[%mdl 8192] [#]} (14... d6 $16 {is a better chance.}) 15. Ng5 $1 $18 Bxa1 16. d6+ $1 ({Stronger than} 16. Rxa1 Kh8 $11) 16... Kh8 {White must now prevent ...Bxg2.} 17. Bxb7 Rb8 (17... Bf6 $142 18. Qxa6 c5 19. Bxa8 Qxa8) 18. Qxa6 Be5 19. dxc7 Bxc7 20. Qd3 {[%csl Gg5][%cal Rd3h7] [#]} g6 21. Bd5 Be5 22. f4 Bg7 23. Bb4 Rf6 24. Ne4 {[%cal Bg5e4,Be4d6,Bd6f7][%mdl 32]} Rf5 25. Nd6 Rxd5 26. Qxd5 ({Less strong is} 26. Nxe8 Rxd3 27. Nxg7 (27. exd3 Bd4+ 28. Kg2 Rxe8 $11) 27... Rd5 $14) 26... Qe3+ 27. Kh1 {White wants to mate with Nf7+.} h5 28. Nf7+ Kh7 29. f5 {[%cal Bf4f5,Bf5g6][%mdl 32] White mates.} Kg8 30. Ng5+ Kh8 31. fxg6 1-0

[Event "BL 2016-17"]
[Site "Berlin"]
[Date "2017.04.29"]
[Round "13"]
[White "Schreiner, Peter"]
[Black "Bruedigam, Martin"]
[Result "1-0"]
[WhiteElo "2482"]
[BlackElo "2403"]
[Annotator "TA"]
[PlyCount "125"]
[EventDate "2017.??.??"]
[EventType "team-tourn"]
[EventCountry "GER"]
[SourceTitle "playchess.com"]
[Source "ChessBase"]
[SourceQuality "1"]
[WhiteTeam "SF Berlin"]
[BlackTeam "König Tegel"]

{[%evp 11,125,8,20,14,11,9,43,44,41,18,37,37,43,32,47,47,50,47,58,34,62,51,54,53,53,53,62,54,73,56,65,69,63,73,52,37,65,0,0,0,56,0,0,0,0,0,0,0,0,0,0,0,0,0,99,110,95,21,90,63,135,135,146,0,129,52,141,110,230,211,365,370,1024,437,445,444,433,456,428,441,435,428,460,457,587,585,587,581,557,526,532,529,527,499,521,508,562,549,541,541,520,512,4133,4133,4134,942,29975,827,29977,29978,29979,29981,29981,29982,29982,29983]} 1. d4 Nf6 2. c4 e6 3. g3 Bb4+ 4. Bd2 a5 5. Bg2 d6 {E00: Catalan Bogo-Indian (3 g3 Bb4+)} (5... O-O 6. Nf3 b6 7. O-O Bb7 8. Bf4 Be7 9. Nc3 Ne4 10. Qc2 Nxc3 11. Qxc3 d6 12. Qd3 Nd7 13. e4 Bf6 14. Be3 g6 15. Rad1 Bg7 16. Rfe1 e5 17. Bg5 Qe8 18. Qd2 f6 19. Bh6 {0-1 (44) Ding,L (2781)-Wang,Y (2729) Shenzhen 2015}) 6. Nc3 O-O {LiveBook: 7 Games} 7. a3 Bxc3 $1 {The position is equal.} 8. Bxc3 d5 $146 (8... Qe7 9. Nf3 Ne4 10. Qc2 Nxc3 11. Qxc3 Nd7 12. O-O a4 13. Rac1 e5 14. dxe5 dxe5 {0-1 (57) David,A (2605)-Fedorchuk,S (2635) Paris 2009}) 9. Nf3 Ne4 10. O-O Nxc3 11. bxc3 c6 12. Nd2 b5 13. cxb5 cxb5 14. e4 Bb7 15. Re1 dxe4 16. Nxe4 Nd7 17. Rb1 Rb8 18. Rxb5 Qc7 19. Qd2 Bxe4 20. Rxb8 Rxb8 21. Bxe4 Nf6 22. Bg2 h5 23. Rc1 Qc4 24. Qg5 (24. Bf1 $1 $14 Qb3 25. Rc2) 24... Rb5 $11 25. Qd2 (25. Qe3 $11 Rb3 26. Bf1) 25... Rb8 $14 26. h3 (26. Bf1 $14 Qb3 27. Rc2) 26... a4 $11 27. g4 hxg4 28. hxg4 Rb3 29. g5 $36 {[%mdl 2048] White has the initiative.} Nd5 30. g6 fxg6 31. Qg5 Kf7 32. Re1 Nf6 (32... Qxc3 $11 {keeps the balance.} 33. Rxe6 (33. Qe5 Qc6 34. Re3 Rxa3 35. Rxa3 Qc1+ 36. Kh2 Qxa3 37. Bxd5 exd5 38. Qxd5+ Ke7 39. Qe5+ Kd7 40. Qb5+ Kc7 $15) 33... Kxe6 34. Qxd5+ Ke7 35. Qe5+ Kd8) 33. Bh3 $16 Rb6 34. Qa5 (34. Qe3 $16 {Black must now prevent d5!} Ke7 35. Bf1) 34... Rd6 (34... Nd5 $11) 35. Qa7+ Kf8 (35... Rd7 $14 36. Qa8 (36. Qc5 Qxc5 37. Bxe6+ Kf8 38. dxc5 Rd3 $14) 36... Re7) 36. Qb8+ Ke7 37. Qa7+ Kf8 $1 38. Rb1 (38. Qa8+ $16 Kf7 39. Qb7+ (39. Qb8 Qxc3 40. Bxe6+ Rxe6 $16) 39... Rd7 40. Qb4 Qxb4 41. Bxe6+ (41. cxb4 Rd6 $14) 41... Kf8 42. axb4 (42. cxb4 Rxd4 43. b5 Rd2 $16)) 38... Nd7 (38... Ne8 $14) 39. Qa8+ Kf7 (39... Ke7 $16 40. Qf3 (40. Qg8 Qd3 41. Qxg7+ Kd8 42. Qh8+ Kc7 $14) 40... Qd5) 40. Qf3+ $18 Kg8 $2 (40... Nf6 41. Rb7+ Kg8) 41. Qg3 Rc6 $2 (41... Qd5 42. Bg2 Qa2 43. Rb8+ (43. Qxd6 Qxb1+ 44. Bf1 Nf8 $14) (43. Qxg6 Nf8 44. Rb8 Rb6 $16) 43... Nxb8 44. Qxd6 Qb1+ 45. Bf1 Kh7 46. Qxe6 Qf5 47. Qxf5 gxf5) 42. d5 (42. Qxg6 Nf8 43. Rb8 Rc8 44. Rxc8 Qxc8 $18) (42. Rb7 $142 Qd5 43. Bg2) 42... Qxd5 {[#]} 43. Bg2 $1 {[%cal Rg2d5]} (43. Qxg6 Nf8 44. Qg3 (44. Rb8 Qd1+ 45. Kg2 Qd5+ 46. Kg1 Qd1+ 47. Kg2 Qd5+ 48. Kg1 $11) 44... Qe4 $11) 43... Qc5 44. Bxc6 ({Weaker is} 44. Qxg6 Nf8 45. Qg3 Rc8 $11) 44... Qxc6 45. Qxg6 {[%mdl 4096] Endgame KQR-KQN} Nf8 46. Qg3 ({Not} 46. Rb8 Qd6 $18) 46... Qd5 47. Rb4 e5 48. Qg4 Ne6 49. c4 Qc6 50. Rb8+ Kf7 51. Qf5+ Ke7 52. Qxe5 Qf3 53. Qg3 Qe4 {[#]} 54. c5 $1 Kf7 (54... Nxc5 55. Qxg7+) 55. Rb4 Qd5 56. Qg4 g5 (56... Qxc5 $142 57. Rxa4 Kf6) 57. Rxa4 Qxc5 58. Qf3+ (58. Qe4 $142 Kf6 59. Ra6) 58... Ke7 59. Qe3 (59. Re4 $142 Qd5 60. a4 Kd6 61. Qa3+ Kd7 62. Qb4 Qc5 63. Qb7+ Nc7 64. Re1) 59... Qd5 60. Re4 {White mates.} Kf7 {[#]} 61. Rxe6 $1 Qd1+ (61... Qxe6 62. Qxe6+) 62. Kh2 Qh5+ 63. Qh3 1-0

[Event "BL 2016-17"]
[Site "Berlin"]
[Date "2017.04.29"]
[Round "13"]
[White "Feygin, Michael"]
[Black "Ragger, Markus"]
[Result "1-0"]
[WhiteElo "2480"]
[BlackElo "2677"]
[Annotator "TA"]
[PlyCount "99"]
[EventDate "2017.??.??"]
[EventType "team-tourn"]
[EventCountry "GER"]
[SourceTitle "playchess.com"]
[Source "ChessBase"]
[SourceQuality "1"]
[WhiteTeam "Mülheim Nord"]
[BlackTeam "Solingen"]

{[%evp 23,99,7,8,13,17,13,4,4,6,0,59,59,58,52,62,53,68,72,86,91,96,91,93,97,98,89,82,91,87,61,68,59,64,71,101,95,94,97,107,114,101,87,132,130,187,0,64,0,183,195,241,112,125,100,319,302,355,348,378,362,533,521,656,641,656,658,651,643,648,647,616,603,602,599,581,566,539,528]} 1. e4 e5 2. Nf3 Nc6 3. Bb5 a6 4. Bxc6 dxc6 5. O-O f6 6. d4 exd4 7. Nxd4 c5 8. Ne2 {[%cal Bd4e2,Be2g3,Bg3e4][%mdl 32]} Qxd1 9. Rxd1 Bd7 10. Nbc3 O-O-O 11. Be3 Re8 12. f3 f5 {LiveBook: 7 Games} 13. Ng3 {C69: Ruy Lopez: Exchange Variation with 5 0-0 f6} Nf6 $146 (13... Bd6 14. Bf2 f4 15. Nh5 g6 16. Rxd6 cxd6 17. Nxf4 Nh6 18. Bh4 Nf7 19. Bf6 Rhf8 20. Ncd5 Ne5 {1-0 (55) Volokitin,A (2654)-Romanishin,O (2475) Warsaw 2015}) 14. Bg5 fxe4 15. Bxf6 {The position is equal.} gxf6 16. Ngxe4 Bg7 (16... f5 $11 17. Nf6 Rd8) 17. Nxc5 $14 Bc6 18. Re1 f5 {Hoping for ...Bd4+.} 19. Kf1 Be5 20. h3 $1 Bg3 21. Rxe8+ Rxe8 22. Nd3 Bh4 23. Rd1 a5 24. Rd2 Bf6 25. Re2 Rd8 26. Ne5 Be8 27. a3 b6 28. Re3 Kb7 29. f4 b5 30. Rd3 Rd6 31. Nd5 Bg7 32. Kf2 Re6 33. Re3 Rd6 {[#]} (33... Bf8 $16) 34. Rd3 (34. Ne7 $1 $18) 34... Re6 $1 35. Re3 (35. Nc3 $14) 35... Rd6 $18 {[#]} 36. Ne7 $1 Rf6 37. c4 (37. Nd3 $18 {and White stays clearly on top.}) 37... Bf8 $16 38. Nd5 $36 {[%mdl 2048] White is on the roll.} Ra6 $2 (38... Rd6 $16) 39. cxb5 $18 Rd6 40. Nc4 Rd8 41. Nxa5+ Ka7 (41... Kc8 $142 42. Re5 Bd6) 42. b4 {White is clearly winning.} ({Weaker is} 42. Nxc7 Bc5 43. Nc4 (43. Nxe8 Rxe8 44. Nc4 Re4 $16) 43... Bf7 $18) 42... Bg7 {[#]} 43. b6+ $1 cxb6 44. Re7+ Rd7 45. Nc6+ Kb7 46. Nd8+ Kc8 47. Ne6 (47. Nxb6+ Kxd8 48. Rxd7+ Bxd7 49. Nxd7 Kxd7 $11) 47... Bd4+ 48. Nxd4 Rxd5 49. Rxe8+ Kd7 50. Nb5 1-0

[Event "BL 2016-17"]
[Site "Berlin"]
[Date "2017.04.29"]
[Round "13"]
[White "Hausrath, Daniel"]
[Black "Smeets, Jan"]
[Result "1/2-1/2"]
[WhiteElo "2480"]
[BlackElo "2603"]
[Annotator "TA"]
[PlyCount "83"]
[EventDate "2017.??.??"]
[EventType "team-tourn"]
[EventCountry "GER"]
[SourceTitle "playchess.com"]
[Source "ChessBase"]
[SourceQuality "1"]
[WhiteTeam "Mülheim Nord"]
[BlackTeam "Solingen"]

{[%evp 8,83,29,30,62,48,60,19,49,42,46,32,58,60,70,54,71,53,48,63,68,40,57,47,66,0,0,0,0,0,0,-62,-58,-57,-57,-71,-24,-29,-29,-114,-114,-110,-98,-140,-138,-115,-108,-99,-102,-141,-123,-133,-73,-78,0,-137,-122,-110,-34,-31,-29,-23,-28,-37,-8,-8,-8,-10,-8,-11,0,0,0,0,0,-1,0,0]} 1. Nf3 d5 2. g3 Nc6 3. d4 Bf5 4. Bg2 e6 5. O-O {LiveBook: 87 Games} a6 {D02: 1 d4 d5 2 Nf3 sidelines, including 2...Nf6 3 g3 and 2...Nf6 3 Bf4} ({Relevant:} 5... Be7 6. c3 Nf6 7. Nbd2 Ne4 8. Ne1 Nxd2 9. Bxd2 O-O 10. Bf4 Bd6 11. Bxd6 Qxd6 12. Nd3 b6 13. Nf4 {0-1 (39) Salomon,J (2498)-Smith,A (2506) Sastamala 2016}) 6. c4 $146 ({Predecessor:} 6. c3 Be7 7. Bf4 g5 8. Be3 f6 9. Nbd2 Qd7 10. Ne1 h5 11. f3 Nh6 12. Bf2 O-O-O 13. Rc1 e5 {0-1 (13) Goransson,G-Sulmad,M Sweden 1989}) 6... dxc4 7. Nc3 Nge7 8. e4 Bg4 9. Be3 Bxf3 10. Bxf3 g6 11. d5 Ne5 12. Be2 Bg7 $1 13. dxe6 fxe6 14. Qc2 Qd7 15. Rad1 Qc6 $1 16. Bg5 (16. Na4 $14) 16... Nf7 $11 17. Bxe7 Kxe7 18. f4 Rad8 19. Bf3 (19. e5 $11) 19... Rxd1 $15 20. Rxd1 Rd8 21. Rxd8 Nxd8 22. Kg2 $1 Bd4 23. Ne2 (23. e5 $11 {remains equal.} Qb6 24. Na4) 23... e5 $17 24. Qd2 Qd6 25. fxe5 Bxe5 26. Qh6 Qf6 27. Qxh7+ Nf7 28. h4 Kf8 $1 (28... Bxb2 $6 29. Nf4 c6 30. Nxg6+ Kd6 31. g4 $11) 29. Bg4 Qc6 (29... b5 $142 30. h5 gxh5 31. Qxh5 Qg5) 30. Bf3 Qf6 ({Don't take} 30... Bxb2 $2 31. e5 $1 {[%mdl 512]} (31. Nf4 Ne5 $16) 31... Qd7 32. e6 (32. Bxb7 Nxe5 33. Qh8+ Kf7 $11) (32. Qxg6 Bxe5 33. Bxb7 Qd3 $14) 32... Qxe6 33. Nf4 $18) ({Black should try} 30... Qd6) 31. Bg4 b5 32. h5 Qg7 ({Black should play} 32... g5 $17 33. Nc3 {[#]} Bxg3 $1 {[%mdl 512]} 34. Kxg3 Qf4+ 35. Kh3 Qf1+ 36. Kg3 Qg1+ 37. Kh3 Qh1+ 38. Kg3 Qh4+ 39. Kf3 Qh1+ 40. Kg3 Qh4+ 41. Kf3 Qh1+ 42. Kg3) 33. hxg6 {Qxg7+ is the strong threat.} Qxh7 34. gxh7 Bxb2 $15 {[%mdl 4096] Endgame KBN-KBN} 35. Nf4 Kg7 (35... Ng5 $5 {looks sharper.} 36. Bf5 Kg7 37. g4 c5 38. e5 Nxh7 39. e6 Nf6) 36. Ne6+ $1 {The position is equal.} Kxh7 {Threatens to win with ...Ne5.} 37. Nxc7 Ne5 38. Bd1 Nd3 39. Nxa6 Be5 40. Kf1 Bxg3 41. Bc2 Ne5 42. a4 1/2-1/2

[Event "BL 2016-17"]
[Site "Berlin"]
[Date "2017.04.29"]
[Round "13"]
[White "Rau, Hannes"]
[Black "Spitzl, Vinzent"]
[Result "1-0"]
[WhiteElo "2473"]
[BlackElo "2280"]
[Annotator "TA"]
[PlyCount "81"]
[EventDate "2017.??.??"]
[EventType "team-tourn"]
[EventCountry "GER"]
[SourceTitle "playchess.com"]
[Source "ChessBase"]
[SourceQuality "1"]
[WhiteTeam "Hockenheim"]
[BlackTeam "Griesheim"]

{[%evp 24,81,18,8,10,-2,47,53,60,60,61,25,32,-20,-28,-25,120,120,234,229,229,225,231,119,195,202,177,197,297,214,477,475,535,532,525,520,444,334,335,325,775,756,792,773,795,777,841,690,29970,29971,6287,6202,1933,514,497,483,1715,1225,29994,29995]} 1. c4 e6 2. Nc3 d5 3. d4 Nf6 4. cxd5 exd5 5. Bg5 c6 6. e3 Be7 7. Bd3 Nbd7 8. Nge2 Nh5 9. Bxe7 Qxe7 10. Qc2 g6 11. O-O-O Nb6 12. Kb1 Be6 {D36: Queen's Gambit Declined: Exchange Variation: Main line (5 Bg5 c6 6 Qc2)} ({Relevant:} 12... Ng7 13. Ng3 Bd7 14. Rc1 h5 15. h4 O-O-O 16. Na4 Nxa4 17. Qxa4 Kb8 18. Rc3 b6 19. Ra3 Be8 20. Rc1 {0-1 (42) Hammer,J (2689)-Yilmaz,M (2603) Gjakova 2016}) 13. Na4 {LiveBook: 3 Games} Nxa4 14. Qxa4 Qd7 $146 {The position is equal.} ({Predecessor (3):} 14... Ng7 15. Nf4 O-O 16. h4 Bf5 17. Qc2 Bxd3 18. Nxd3 f6 19. Nf4 Ne6 20. Ne2 {½-½ (61) Diermair,A (2458)-Szostko,J (2198) Krakow 2015}) 15. f3 O-O 16. g4 Ng7 17. h4 f5 18. h5 (18. g5 $14) 18... fxg4 $11 19. hxg6 hxg6 (19... gxf3 $6 20. gxh7+ Kh8 21. Nf4 $16) (19... Rxf3 $11 20. Nf4 (20. gxh7+ Kh8 $11) (20. Rxh7 Bf5 21. Qc2 Bxd3 22. Qxd3 Raf8 $15) 20... h5) 20. Nf4 $36 {[%mdl 2048] Keeping Black busy.} Bf5 (20... Rxf4 $16 21. exf4 g3) 21. fxg4 $18 (21. Nxg6 Bxg6 22. Bxg6 Rxf3 $14) 21... Bxd3+ 22. Nxd3 {Ne5 is the strong threat.} (22. Rxd3 Qxg4 23. Qc2 Nh5 $11) 22... Qxg4 23. Qc2 (23. Qb3 $18) 23... Qe4 (23... Nh5 $2 24. Rdg1 (24. Ne5 Qf5 25. Rdg1 Qxc2+ 26. Kxc2 Rf5 27. Rxg6+ Kh7 $16) 24... Qf5 25. e4 $1 {[%mdl 512]} dxe4 26. Ne5 $18) (23... Rf5 $16) 24. Qh2 $1 {[%cal Rh2h7][%mdl 1024] White has strong compensation.} Nh5 25. Ka1 {And now Ne5 would win.} Kg7 (25... Rae8 $142) 26. Rhg1 Nf6 $2 (26... Kh8 27. Ne5 Rg8 28. Nxg6+ $1 {[%mdl 512]} Rxg6 29. Qxh5+ Kg7 30. Rh1 $18) (26... Qf5 {was called for.} 27. Ne5 Rf6) 27. Nc5 (27. Ne5 Rh8 28. Qd2 Rae8 29. Nxg6 Qxg6 $18) 27... Qe7 28. Qg3 ({Weaker is} 28. Rdf1 Ne4 $14) 28... Rg8 29. Qxg6+ Kh8 30. Rh1+ (30. Qh6+ Nh7 31. Ne6 Qf7 $18) 30... Nh7 31. Qh6 Qg7 $2 (31... Raf8 32. Qh3 (32. Ne6 $2 Rf6 33. Qxh7+ Qxh7 34. Rxh7+ Kxh7 $19) 32... Rd8) 32. Qh3 Rae8 33. Nd3 ({Not} 33. Ne6 Qd7 $16) 33... Re7 34. Ne5 Qg3 35. Qh5 Rgg7 36. Rdf1 Kg8 37. Qf5 Re8 {[#]} 38. a3 (38. Rxh7 $142 $1 {[%mdl 512] White wants to mate with Qh5.} Rxh7 39. Ng4 Qxg4 40. Qxg4+ Rg7 41. Qh3) 38... Qg2 39. Ka2 Qg3 (39... Qg5 $142 40. Rxh7 Qxf5 41. Rxg7+ Kxg7 42. Rxf5 Rf8) 40. Rhg1 Rxe5 41. Qc8+ 1-0